00416nam a22001337a 4500020001800000082001700018100002700035245003800062260005500100300002300155500004100178650004300219700002000262 a9780521110020 a621.3822 MAN aManolakis, Dimitris G. aApplied Digital Signal Processing aNew Delhi, IndiabCambridge University Pressc2011 axv, 991 p.bill. ; aIncludes bibliographical references. aSignal processing--Digital techniques. aIngle, Vinay K.